La enseñanza de la ecología en el entorno cotidiano
Gespeichert in:
| Hauptverfasser: | , , |
|---|---|
| Format: | Buch |
| Sprache: | Spanisch |
| Veröffentlicht: |
Santiago
Ministerio de Educación
1997
|
| Schlagworte: | |
| Tags: |
Tag hinzufügen
Keine Tags, Fügen Sie den ersten Tag hinzu!
|
MARC
| LEADER | 00000nam a2200000 a 4500 | ||
|---|---|---|---|
| 001 | UCP0643 | ||
| 003 | CL-VaPUC | ||
| 008 | 990319e19970000CL |||||||||||||||||spa|d | ||
| 082 | 0 | 4 | |a 372.357 |b ROZ |2 21 |
| 100 | 0 | |a Rozzi, Ricardo |e author |9 426069 | |
| 700 | 0 | |a Feinsinger, Peter |e author |9 426070 | |
| 700 | 0 | |a Riveros, Roxana |e author |9 426071 | |
| 245 | 1 | 3 | |a La enseñanza de la ecología en el entorno cotidiano |
| 300 | |a 86 p | ||
| 942 | |c BK | ||
| 945 | |d 19990319 00:00:00 |a rbrito | ||
| 260 | |a Santiago |b Ministerio de Educación |c 1997 | ||
| 650 | 0 | |a Ecología |9 258124 | |
| 650 | 0 | |a Métodos de enseñanza |9 270413 | |
| 650 | 0 | |a Reforma educacional |9 256319 | |
| 650 | 0 | |a Calidad de la educación |9 307271 | |
| 583 | |a last modification |c 20170824 11:52:52 |k Rodrigo Vera | ||
| 999 | |c 279404 |d 279402 | ||
| 952 | |0 0 |1 0 |4 0 |6 372_357000000000000_ROZ_1997 |7 0 |8 P |9 318608 |a BIBEDU |b BIBEDU |c BIBEDU_PB |d 2019-11-20 |i 3504700 |o 372.357 ROZ 1997 |p 3504700 |r 2024-01-25 |w 2019-11-20 |y BK |k EDU | ||
| 952 | |0 0 |1 0 |4 0 |6 372_357000000000000_ROZ_1997 |7 0 |8 P |9 318609 |a BIBEDU |b BIBEDU |c BIBEDU_PB |d 2019-11-20 |i 3941892 |o 372.357 ROZ 1997 |p 3941892 |r 2024-01-25 |w 2019-11-20 |y BK |k EPE | ||